000 00684nam a22002297i 4500
003 URS
005 20220114152648.0
008 170417b xxu||||| |||| 00| 0 eng d
020 _a0889365059
040 _erda
_cURSP-College Library
_beng
050 _b371.29 Ch36 1990
100 1 _aChantavanich, Amrung
245 _aEvaluating Primary Education
_cAmrung Chantavanich
264 1 _aCanada
_bInternational Development Reasearch Centre
_c1990.
300 _avii, 228pages
_c25cm.
336 _atext
_btxt
_2rdacontent
337 _aunmediated
_bn
_2rdamedia
338 _avolume
_bnc
_2rdacarrier
500 _aIncludes references
650 0 _aprimary education.
942 _2lcc
_cFR
999 _c7206
_d7206